000 00208 a2200097 4500
001 7998
100 _aIkle, F C
245 _aSocial impact of bomb destruction
260 _a
_bNorman
_c
090 _c6407
_d6407
942 _aNUST-CAE
_cM
_c32942
999 _c243071
_d243071